[Event "POL-chT 2nd League"]
[Site "Jastrzebia Gora"]
[Date "2023.09.07"]
[Round "6.131"]
[White "Duszczak, Filip"]
[Black "Kolodziejski, Grzegorz"]
[Result "1-0"]
[WhiteElo "1450"]
[BlackElo "1552"]
[PlyCount "65"]
[EventDate "2023.09.02"]
[EventType "team-swiss"]
[EventRounds "9"]
[EventCountry "POL"]
[SourceTitle "EXT 2024"]
[Source "ChessBase"]
[SourceDate "2023.10.10"]
[SourceVersion "1"]
[SourceVersionDate "2023.10.10"]
[SourceQuality "1"]
[WhiteTeam "Kalisz KTS"]
[BlackTeam "Lubsko Caissa"]
[WhiteTeamCountry "POL"]
[BlackTeamCountry "POL"]

1. e4 c5 2. Nc3 Nc6 3. Nf3 Nf6 4. Bb5 a6 5. Bxc6 dxc6 6. e5 Nd5 7. Ne4 Qb6 8. 0-0 Bf5 9. Ng3 Bg4 10. Re1 e6 11. h3 Bxf3 12. Qxf3 Be7 13. c4 Nb4 14. Qb3 Rd8 15. Re3 Bg5 16. Rc3 Qc7 17. a3 Qxe5 18. axb4 Qe1+ 19. Nf1 Bxd2 20. Bxd2 Qxa1 21. Rc1 Qxc1 22. Bxc1 0-0 23. bxc5 Rd7 24. Bf4 Rfd8 25. Bd6 Kh8 26. Nd2 Kg8 27. Nf3 f6 28. Qe3 Kf7 29. Qf4 Kg8 30. Qg4 Kf7 31. Nd4 Re8 32. Qh5+ Kg8 33. Qxe8# 1-0

[Event "Polanica Zdroj op-B 46th"]
[Site "Polanica Zdroj"]
[Date "2010.08.26"]
[Round "9"]
[White "Kolodziejski, Grzegorz"]
[Black "Gradalski, Bartosz"]
[Result "0-1"]
[WhiteElo "1591"]
[BlackElo "1622"]
[PlyCount "42"]
[EventDate "2010.08.18"]
[EventType "swiss"]
[EventRounds "9"]
[EventCountry "POL"]
[SourceTitle "CBM 138 Extra"]
[Source "ChessBase"]
[SourceDate "2010.10.29"]
[SourceVersion "1"]
[SourceVersionDate "2010.10.29"]
[SourceQuality "1"]

1. Nc3 Nf6 2. d4 e6 3. a3 d5 4. Bg5 Be7 5. f3 0-0 6. e4 h6 7. Bh4 dxe4 8. fxe4 b6 9. Bxf6 Bxf6 10. Nf3 Bb7 11. g3 c5 12. e5 Be7 13. Bg2 cxd4 14. Ne2 Qc7 15. 0-0 Rd8 16. Kh1 Nc6 17. Re1 Nxe5 18. Nexd4 Nxf3 19. Bxf3 Rxd4 20. Qxd4 Bxf3+ 21. Kg1 Bc5 0-1